Apuntes de Análisis Cuantitativo Especial.

Libro de texto sobre el análisis cuantitativo: econometría turbidimetría, nefelometría, tyndalimetría, refractometría, determinación del ph, análisis de gases.

保存先:
書誌詳細
フォーマット: 図書
言語:スペイン語
主題:
タグ: タグ追加
タグなし, このレコードへの初めてのタグを付けませんか!

MARC

LEADER 00000nam^a2200000^a^4500
001 000033931
005 20250521000000.0
009 20260310085218.313
037 |a Acervo ITESO - Biblioteca 
041 |a ESP 
082 |a 544. 01  |b APU 
245 1 0 |a Apuntes de Análisis Cuantitativo Especial. 
264 |a México :  |b Ciencias Químicas,  |c fecha no identificada 
300 |a 101 p. 
336 |a texto  |b txt  |2 rdacontenido 
337 |a sin mediación  |b n  |2 rdamedio 
338 |a volumen  |b nc  |2 rdasoporte 
520 |a Libro de texto sobre el análisis cuantitativo: econometría turbidimetría, nefelometría, tyndalimetría, refractometría, determinación del ph, análisis de gases. 
649 |a XX 
650 |a Ph 
650 |a Análisis de Gases 
650 |a Química Analítica Cualitativa 
650 |a Química Analítica Cuantitativa 
650 |a Química Analítica 
910 |a Fondo General 
920 |a Impresos - Libros 
930 |a Colección General 
905 |a 101 
901 |a 0339310100  |b IT1  |c ACC  |i 033931  |u 20250521 
902 |a https://opac.biblio.iteso.mx/vufind/Record/000033931